Smernica Rady 2009/133/ES z 19. októbra 2009 ...

Smernica Rady 2009/133/ES ... o spoločnom systéme zdaňovania, uplatniteľnom pri zlučovaní, rozdeľovaní, čiastočnom rozdeľovaní, prevode aktív a výmene akcií spoločností rôznych členských štátov a pri premiestňovaní sídla SE alebo SCE medzi členskými štátmi - kodofikované znenie.

Gespeichert in:
Bibliographische Detailangaben
Format: Buchkapitel
Sprache:Slowakisch
Schlagworte:
Tags: Tag hinzufügen
Keine Tags, Fügen Sie das erste Tag hinzu!

MARC

LEADER 00000naa$a2200000$$$4500
001 0108680
005 20230927074823.3
041 0 |a slo 
044 |a SK 
245 1 0 |a Smernica Rady 2009/133/ES z 19. októbra 2009 ... 
520 |a Smernica Rady 2009/133/ES ... o spoločnom systéme zdaňovania, uplatniteľnom pri zlučovaní, rozdeľovaní, čiastočnom rozdeľovaní, prevode aktív a výmene akcií spoločností rôznych členských štátov a pri premiestňovaní sídla SE alebo SCE medzi členskými štátmi - kodofikované znenie. 
610 2 0 |a zlučovanie podnikov 
610 2 0 |a firmy 
610 2 0 |a spoločnosti 
610 2 0 |a zdaňovanie 
610 2 0 |a zdaňovanie medzinárodné 
610 2 0 |a Európska únia 
610 2 0 |a smernice